000
00316nam a2200133Ia 4500
005
20260328101510.0
008
260328s9999||||xx |||||||||||||| ||und||
100
_a
Le Corbusier
245
0
_a
Le Poeme electronique /
_c
Le Corbusier
260
_b
Du Minuit
300
_a
236 p.
650
_a
Corbusier, Le
942
_c
BK
999
_c
9160
_d
9160